Naruto tous les Personnages par Images - Statistiques

Statistiques générales
  • Ce quiz a été pris 5 311 fois
    3 820 depuis la dernière actualisation
  • Le résultat moyen est 50 sur 366
Statistiques - réponses
Par images Réponse % Correct
Naruto Uzumaki
100%
Sasuke Uchiwa
99%
Sakura Haruno
98%
Kakashi Hatake
97%
Kurama
87%
Gaara
71%
Hinata Hyûga
69%
Iruka Umino
69%
Rock Lee
68%
Konohamaru Sarutobi
66%
Shikamaru Nara
66%
Hiruzen Sarutobi
65%
Gaï Maito
64%
Ino Yamanaka
64%
Neji Hyûga
64%
Jiraya
63%
Tenten
63%
Zabuza Momochi
63%
Chôji Akimichi
62%
Orochimaru
62%
Itachi Uchiwa
60%
Temari
60%
Kiba Inuzuka
58%
Minato Namikaze
58%
Obito Uchiwa
58%
Tsunade
58%
Kabuto Yakushi
56%
Shino Aburame
56%
Pain (Tendô)
55%
Madara Uchiwa
54%
Deidara
52%
Asuma Sarutobi
51%
Haku
51%
Saï
51%
Tobirama Senju
51%
Akamaru
50%
Hashirama Senju
50%
Rin Nohara
50%
Tobi
50%
Kisame Hoshigaki
49%
Zetsu
48%
Nagato
47%
Danzô Shimura
46%
Killer B / Bee
46%
Kurenaï Yûhi
46%
Sasori
46%
Karin
44%
Hidan
43%
Kankurô
43%
Kushina Uzumaki
43%
Zetsu Blanc
43%
Zetsu Noir
43%
Yamato / Tenzô
41%
Kaguya Ôtsutsuki
40%
Konan
40%
Shisui Uchiwa
39%
Gamabunta
38%
Kakuzu
37%
Ebisu
33%
Pakkun
33%
Chiyo
31%
Hagoromo Ôtsutsuki
31%
A (Quatrième Raikage)
30%
Shukaku
30%
Suigetsu Hôzuki
30%
Jûgo
29%
Shikaku Nara
29%
Yahiko
29%
Indra Ôtsutsuki
28%
Kimimaro
28%
Anko Mitarashi
26%
Fugaku Uchiwa
26%
Jûbi
26%
Shizune
26%
Hanzô
25%
Gamakichi
24%
Asura Ôtsutsuki / Ashura
23%
Darui
23%
Gatô
23%
Hanabi Hyûga
23%
Meï Terumî
23%
Dan Katô
22%
Matatabi
21%
Mizuki
21%
Ônoki
21%
Gama
20%
Son Gokû
20%
Utakata
20%
Chôza Akimichi
18%
Daï Maito
18%
Ibiki Morino
18%
Inoichi Yamanaka
18%
Izuna Uchiwa
18%
A (Troisième Raikage)
17%
Mito Uzumaki
17%
Samehada
17%
Tonton
17%
Ginkaku
16%
Katsuyu
16%
Sakumo Hatake
16%
15%
Genma Shiranui
15%
Kinkaku
15%
15%
Omoï
15%
Baki
14%
Tayuya
14%
Enma
13%
Gyûki
13%
Jirôbô
13%
Karui
13%
Mifune
13%
Moegi Kazamatsuri
13%
Isobu
12%
Manda
12%
Mirai Sarutobi
12%
Yagura Karatachi
12%
Yugito Nii
12%
Ao
11%
Hiashi Hyûga
11%
Sakon
11%
Teuchi
11%
Chôjûrô
10%
Han
10%
Hayate Gekkô
10%
Rôshi
10%
Saiken
10%
Samui
10%
Udon Ise
10%
Chômei
9%
Fukasaku
9%
Hamura Ôtsutsuki
9%
Hizashi Hyûga
9%
Kokuô
9%
Mikoto Uchiwa
9%
Ukon
9%
Gamatatsu
8%
Inari
8%
Kidômaru
8%
Rasa
8%
Tazuna
8%
Nawaki
7%
Aoda
6%
Izumi Uchiwa
6%
Jûzô Biwa
6%
Kagami Uchiwa
6%
Kotetsu Hagane
6%
Kurotsuchi
6%
Mangetsu Hôzuki
6%
Torune Aburame
6%
Dosu Kinuta
5%
Fû Yamanaka
5%
Gengetsu Hôzuki
5%
Hana Inuzuka
5%
Izumo Kamizuki
5%
Kin Tsuchi
5%
Zaku Abumi
5%
Akatsuchi
4%
A (Premier Raikage)
4%
Pakura
4%
Shibi Aburame
4%
Shima
4%
A (Deuxième Raikage)
3%
Aoba Yamashiro
3%
Ayame
3%
C / Shî
3%
Gamaken
3%
Homura Mitokado
3%
Koharu Utatane
3%
Troisième Kazekage
3%
Tsume Inuzuka
3%
Tsunami
3%
Yashamaru
3%
Yoroï Akadô
3%
Ameyuri Ringo
2%
Ashina Uzumaki
2%
Bull
2%
Chiriku
2%
Ebizô
2%
Gamahiro
2%
Gamamaru
2%
Guruguru
2%
Mabui
2%
Manda II
2%
Motoï
2%
Pain (Gakidô)
2%
Pain (Ningendô)
2%
Pain (Shuradô)
2%
Raidô Namiashi
2%
Raïga Kurosuki
2%
Shijimi et Tora
2%
Shin
2%
Tajima Uchiwa
2%
Yûgao Uzuki
2%
Akino
1%
Atsui
1%
Baku
1%
Bisuke
1%
Biwako Sarutobi
1%
Blue B / Fukai
1%
Bunpuku
1%
Butsuma Senju
1%
Byakuren
1%
Chibi
1%
Daimyô de la Foudre
1%
Daimyô de la Terre
1%
Daimyô de l'Eau
1%
Daimyô du Feu
1%
Daimyô du Vent
1%
Fuguki Suikazan
1%
Fusô
1%
Gari
1%
Gerotora
1%
Gôzu
1%
Guruko
1%
Ibuse
1%
Ishikawa
1%
Itama Senju
1%
Jinin Akebino
1%
Jinpachi Munashi
1%
J / Jay
1%
Kaiza
1%
Karura
1%
Kawarama Senju
1%
King
1%
Kitsuchi
1%
Kizashi Haruno
1%
Kuromaru
1%
Kushimaru Kuriarare
1%
Maki
1%
Matsuri
1%
Mebuki Haruno
1%
Meizu
1%
Misumi Tsurugi
1%
Ningame
1%
Nonô Yakushi
1%
Pain (1er Chikushôdô)
1%
Pain (2ème Chikushôdô)
1%
Pain (Jigokudô)
1%
Reto
1%
Shamon
1%
Shiba
1%
Shiho
1%
Takamaru
1%
Torifu Akimichi
1%
Toutou (Pochi)
1%
Troisième Mizukage
1%
Ûhei
1%
Urushi
1%
Waraji
1%
Yoshino Nara
1%
Yûra
1%
Zôri
1%
1er Chikushôdô Vivant
0%
Ajisaï
0%
Akane
0%
Ancien des Hyûga
0%
Baiu
0%
Bansai
0%
Chûkichi
0%
Daen Nara
0%
Daimyô des Sources Chaudes
0%
Daimyô du Gel
0%
Denka
0%
Dodaï
0%
Doki
0%
Dôtô Akimichi
0%
Ensui Nara
0%
F
0%
Furui
0%
Gakidô Vivant
0%
Gaku Inuzuka
0%
Gamaden
0%
Gamatama
0%
Garuda
0%
Genbu
0%
Gen'yûmaru
0%
Giichi
0%
Guren
0%
Hina
0%
Hoheto Hyûga
0%
Hyô
0%
Ikkaku Umino
0%
Inabi Uchiwa
0%
Iroha Hyûga
0%
Ise
0%
Ittan
0%
Iwashi Tatami
0%
Jigokudô Vivant
0%
Kagari
0%
Kaji
0%
Kakkô
0%
Kamatari
0%
Kasuga Nara
0%
Kie
0%
Kiri
0%
K / Kê
0%
Kohari Umino
0%
Kô Hyûga
0%
Kokage Yanagikage
0%
Kôsuke
0%
Kyodaigumo
0%
Kyûsuke
0%
Maen Nara
0%
Mahiru
0%
Makaro Akimichi
0%
Maruten Akimichi
0%
Matsu
0%
Midare
0%
Midori
0%
Minoji
0%
Morio
0%
Moroï
0%
Mubi
0%
Mukade
0%
Musaï
0%
Muta Aburame
0%
Nekobaa
0%
Ningendô Vivant
0%
Nishi
0%
Nonota
0%
Oboro
0%
Okisuke
0%
Partenaire de Kakuzu
0%
Partenaire de Shiore
0%
Partenaire de Shiore
0%
Ponta
0%
Ranka
0%
Ryûsui
0%
Sabu
0%
Saisu Kamano
0%
Santa Yamanaka
0%
Sari
0%
Sensei de Kabuto
0%
Sentoki
0%
Shiba
0%
Shibire
0%
Shigure
0%
Shinku Yûhi
0%
Shiore
0%
Shitô Akimichi
0%
Shuradô Vivant
0%
Suzaku Nara
0%
Taiseki
0%
Tamaki
0%
Tango
0%
Tanzô
0%
Tatsuma Aburame
0%
Tekka Uchiwa
0%
Tenga
0%
Tessen Togeito
0%
Tetsu
0%
Tobimaru
0%
Tokara
0%
Tokuma Hyûga
0%
Tonbo Tobitake
0%
Toroï
0%
Urakaku
0%
Urushi
0%
Yashiro Uchiwa
0%
Yoshiteru
0%
Yûdaichi
0%
Zaji
0%
Zangei
0%
Zenza
0%
0%
Aucun quiz correspondant
Distribution des résultats
% des personnes avec chaque résultat
Percentile par nombre de réponses
Votre historique - résultats
Vous n’avez pas pris ce quiz depuis la dernière actualisation